Kansas City Royals Trivia - Statistics

General Stats
  • This quiz has been taken 33 times
    32 since last reset
  • The average score is 14 of 30
Answer Stats
Question Answer % Correct
What Is The Name Of The Royals Home Stadium? Kauffman Stadium
97%
How Many World Series Have The Royals Won? 2
90%
Who Is Close To Having The Most Home Runs In Royals History? Salvador Perez
80%
Who Has Won The Only MVP In Royals History? George Brett
73%
Who Founded The Royals? Ewing Kauffman
70%
Who Is The Current Manager For The Royals? Matt Quatraro
70%
Which 3 Royals Relievers Led Them To A World Series Title? Kelvin Herrera, Wade Davis, Greg Holland
67%
Who Won World Series MVP In 2015? Salvador Perez
63%
When Where The Royals Founded? 1969
57%
Who Is The Royals Player To Win Rookie Of The Year And Was Recently Elected Into The Hall Of Fame? Carlos Beltran
57%
Which Royals Player Famously Hit A Inside-The-Park Home run To Start The 2015 World Series? Alcides Escobar
53%
How Many Losses Did The Royals Have In The 2023 Season? 106
47%
Who Was Acquired In The Johnny Cueto Trade? Brandon Finnegan, John Lamb, Cody Reed
43%
Which Hall Of Famer (Also Has 3000 Hits) Played His FInal Season With The Royals? Harmon Killebrew
43%
Who Won The 1985 World Series MVP? Bret Saberhagen
40%
Which 300 Win Pitcher Got His 3,500 Strikeout With The Royals In His Final Year? Gaylord Perry
40%
How Many Times Have The Royals Went To The Postseason? 10
37%
Who Is The First Royals Player To Go 30-30? Bobby Witt Jr
37%
Who Has The Most Triples In A Season For The Royals? Willie Wilson
33%
Who Has The Most Stolen Bases In A Season? Willie Wilson
30%
How Many Division Titles Do The Royals Have? 7
27%
Which Royals Player Has The Most Strikeouts In A Game? Danny Duffy
27%
Which Royals Player Has The Most RBI's In A Season? Mike Sweeney
27%
Who Has Struck Out The Most In Royals History? Alex Gordon
23%
Who Threw The Last No-Hitter In Royals History? Bret Saberhagen
23%
How Many Gold Gloves Did Frank White WIn? 8
20%
Who Has The Most Saves In Royals History? Jeff Montgomery
20%
Who Was The Very First Manager In Royals History ? Joe Gordon
20%
Who Has The Most Strikeouts In Royals History? Kevin Appier
20%
Who Was The First Pitcher In Royals History To Throw A No-Hitter? Steve Busby
17%
No matching quizzes found
Score Distribution
Percent of People with Each Score
Percentile by Number Answered
Your Score History
You have not taken this quiz since the last reset